1319 1497 1187 1848 1801 1305 1365 1049 1493 1140 1269 1817 1823 1141 1387 1728 1763 1758 1887 1060 1187 1637 1314 1922 1737 1071 1134 1030 1440 1750 1406 1533 1702 1119 1896 1276 1547 1635 1601 1669 1620 1344 1628 1710 1547 1895 1938 1122 1719 1229 1423 1697 1419 1831 1889 1359 1240 1261 1078 1936 1432 1579 1258 1009 1945 1591 1744 1338 1618 1184 1669 1014 1246 1777 1247 1951 1543 1048 1231 1778 1296 1544 1655 1204 1050 1780 1931 1628 1069 1501 1117 1996 1981 1461 1101 1387 1608 1438 1813 BCNSPRNW ULIB Ver.6.0+V

เปลี่ยนเป็นภาษาไทย

Change to English
 แสดงรายละเอียดบรรณานุกรม
  กลับหน้าหลัก

Brief Record : Get Marc (ISO 2709) : E-mail record : QR code < ปิดหน้าต่าง
LEADER : 00000nam 2200000uu 4500
001    13399125995
003     ULIB
008    020711s2560 th a 000 0 tha d
020    ^a9786168139196
050    ^aBQ4570^bก-ค
100    ^aกษิดิศ อนันทนาธร
245    ^aคนทุกคนจะถูกลืม
260    ^aกรุงเทพฯ :^bมหาวิทยาลัยธรรมศาสตร์,^c2560
300    ู^a224 หน้า;^c19 ซม.
650    ^aปรัชญากับสังคมศาสตร์
945    ^p200^l0^i003419
945    ^p200^l0^i003420
999    ^aประนอม เกษจรัล
รายการนี้ยังไม่มีแท็ก
คุณยังไม่ได้ล็อกอิน คุณสามารถมีกิจกรรมร่วมกับเว็บไซต์ได้ แต่ต้องล็อกอินก่อน ::
  ล็อกอิน

รายการสื่อสารสนเทศ

ลำดับที่ ประเภท เลขเรียก/บาร์โค้ด สถานที่ สถานะ
1. การศึกษาทั่วไป
การศึกษาทั่วไป
BQ4570 ก-ค ฉ.1 
  Barcode: 003419
ห้องสมุดวิทยาเขตสวรรค์ประชารักษ์
►หนังสือทั่วไป
บนชั้น
2. การศึกษาทั่วไป
การศึกษาทั่วไป
BQ4570 ก-ค ฉ.2 
  Barcode: 003420
ห้องสมุดวิทยาเขตสวรรค์ประชารักษ์
►หนังสือทั่วไป
บนชั้น

BibComment


ยังไม่เคยถูกคอมเมนท์

คอมเมนท์ทรัพยากรรายการนี้
  คอมเมนท์: คนทุกคนจะถูกลืม


 Copyright 2026. Bcnsprnw @Library